| 000 | 00469nam a2200181Ia 4500 | ||
|---|---|---|---|
| 001 | 18891 | ||
| 005 | 20260306171704.0 | ||
| 008 | 260306s9999||||xx |||||||||||||| ||und|| | ||
| 041 | _aESP | ||
| 082 |
_a658.562 _bA39 |
||
| 100 |
_aServat, Alberto Alexander _eAUT |
||
| 245 | 0 |
_aCalidad: _bmetodología para documentar el ISO-9000 versión 2000 |
|
| 260 | _c2005 | ||
| 300 |
_a200 páginas : _c25 cm. |
||
| 650 | _aGEN | ||
| 654 | _aCAN | ||
| 942 |
_cLIB _dJUS _fJUS _2ddc _n |
||
| 999 |
_c18891 _d18891 |
||